000 00644nam a2200193Ii 4500
003 JO-AjNU
008 230606s9999||||xx |||||||||||||| ||und||
040 _aJO-AjNU
_beng
_erda
_cJO-AjNU
041 _aeng
050 1 4 _aRA395.J6.H53 2011
100 3 _aJordan. High Health Council,
_eauthor
_92763
245 0 0 _aJordan National Health Accounts 2008 : Technical Report No. 2
264 3 1 _aAmman, Jordan: High Health Council, 2011
300 _a59p
336 _atext
_btxt
_2rdacontent
337 _aunmediated
_bn
_2rdamedia
338 _avolume
_bnc
_2rdacarrier
650 4 _aPublic health -- Jordan -- Medical care, Cost of -- Jordan
_92764
999 _aE1447
_c1447
_d1447